Dimensiones actuales de la sociología
Zapisane w:
| 1. autor: | |
|---|---|
| Kolejni autorzy: | |
| Format: | Książka |
| Język: | hiszpański |
| Wydane: |
Santiago
Bravo y Allende
1995
|
| Hasła przedmiotowe: | |
| Etykiety: |
Dodaj etykietę
Nie ma etykietki, Dołącz pierwszą etykiete!
|
MARC
| LEADER | 00000nam a2200000 a 4500 | ||
|---|---|---|---|
| 001 | UCZ5505 | ||
| 003 | CL-VaPUC | ||
| 008 | 951123e19950000CL |||||||||||||||||spa|d | ||
| 082 | 0 | 4 | |a 301 |b GAR |2 21 |
| 100 | |a Garretón Merino, Manuel Antonio |e autor |9 617177 | ||
| 700 | |a Mella Valenzuela, Orlando |e autor |9 496633 | ||
| 245 | 1 | 0 | |a Dimensiones actuales de la sociología |
| 300 | |a 287 p | ||
| 942 | |c BK | ||
| 945 | |d 19951123 00:00:00 |a rleighto | ||
| 260 | |a Santiago |b Bravo y Allende |c 1995 | ||
| 650 | 0 | |a Sociología |9 255410 | |
| 650 | 0 | |a Sociedad |9 307903 | |
| 650 | 7 | |a SOCIOLOGIA RURAL |2 CL-VaPUC |9 264560 | |
| 650 | 0 | |a Familias |9 255641 | |
| 650 | 0 | |a Comunidades |9 337024 | |
| 651 | 7 | |a CHILE |2 CL-VaPUC |9 349544 | |
| 651 | 0 | |a América Latina |9 255027 | |
| 583 | |a last modification |c 20150625 10:35:26 |k Rodrigo Vera | ||
| 999 | |c 241807 |d 241805 | ||
| 952 | |0 0 |1 0 |4 0 |6 301_000000000000000_GAR_1995 |7 0 |8 A |9 254295 |a FDOPOS |b FDOPOS |d 2019-11-19 |i 3154459 |o 301 GAR 1995 |p 3154459 |r 2025-01-22 |w 2019-11-19 |y BK |k MED | ||
| 952 | |0 0 |1 0 |4 0 |6 301_000000000000000_GAR_1995 |7 0 |8 A |9 254296 |a BIBGIM |b BIBGIM |d 2019-11-19 |i 3213692 |o 301 GAR 1995 |p 3213692 |r 2025-01-15 |w 2019-11-19 |y BK |k SSL | ||
| 952 | |0 0 |1 0 |4 0 |6 301_000000000000000_GAR_1995 |7 0 |8 A |9 254297 |a BIBGIM |b BIBGIM |d 2019-11-19 |i 3255123 |o 301 GAR 1995 |p 3255123 |r 2025-01-15 |w 2019-11-19 |y BK |k SSL | ||
| 952 | |0 0 |1 0 |4 0 |6 301_000000000000000_GAR_1995 |7 0 |8 A |9 254298 |a BIBHIS |b BIBHIS |d 2019-11-19 |i 333452K |o 301 GAR 1995 |p 333452K |r 2025-01-20 |w 2019-11-19 |y BK |k HIS | ||